[Event "AUTO-INT-1422"]
[Site "http://www.queenalice.com/game.php?id=640273"]
[Date "2009.8.21"]
[Round "1"]
[White "ppaazziinnii"]
[Black "imoric"]
[Result "0-1"]
[WhiteElo "1700"]
[BlackElo "1519"]

1. e4 d6 2. Nf3 g6 3. Bc4 e6 4. Nc3 Bg7 5. d3 Ne7 6. Bg5 h6 7. Bxe7 Qxe7 8. O-O
b6 9. Re1 Bb7 10. h3 Nd7 11. Bb5 O-O-O 12. Qe2 a6 13. Ba4 b5 14. Bb3 b4 15. Na4
Bc6 16. Qd2 Bxa4 17. Bxa4 Bxb2 18. Bxd7+ Rxd7 19. Rab1 Bc3 20. Qe3 Bxe1 21. Nxe1
c5 22. d4 Rc7 23. Nd3 a5 24. e5 c4 25. Nf4 g5 26. Ne2 Kd7 27. c3 Rb8 28. cxb4
axb4 29. a4 b3 30. Nc3 d5 31. Nb5 Rxb5 32. axb5 Qb4 33. h4 Qxb5 34. hxg5 hxg5
35. Qxg5 c3 36. Qf6 c2 37. Qxf7+ Kc6 38. Qe8+ Kb6 39. Qxe6+ Rc6 40. Rxb3 c1=Q+
41. Kh2 Qxb3 42. Qf5 Rh6+ 0-1

[Event "Challenge"]
[Site "http://www.queenalice.com/game.php?id=658022"]
[Date "2009.9.25"]
[Round "-"]
[White "jeancnet"]
[Black "imoric"]
[Result "0-1"]
[WhiteElo "1342"]
[BlackElo "1399"]

1. e4 d6 2. Qf3 Nd7 3. Bc4 e6 4. Nh3 h6 5. Nf4 Qf6 6. O-O g5 7. e5 Qxf4 8. Qc3
Qxe5 9. Qd3 d5 10. Bb5 c6 11. Ba4 b5 12. Bb3 a5 13. g3 a4 14. Bxd5 Qxd5 15. Qe3
Bb7 16. Nc3 Qf5 17. g4 Qxg4+ 18. Kh1 c5+ 19. f3 Qh3 20. Rg1 Bxf3+ 21. Qxf3 Qxf3+
22. Rg2 c4 23. h3 Qxh3+ 24. Kg1 Bc5+ 25. Kf1 Qf3+ 26. Ke1 Qxg2 27. Nxb5 Qf2+ 28.
Kd1 Qf1# 0-1

[Event "Let's Play Chess!"]
[Site "http://www.queenalice.com/game.php?id=663666"]
[Date "2009.10.6"]
[Round "-"]
[White "imoric"]
[Black "okty2k"]
[Result "1-0"]
[WhiteElo "1365"]
[BlackElo "1130"]

1. g3 d5 2. Bg2 Nc6 3. e3 Ne5 4. b3 g6 5. Bb2 Bg7 6. d4 Ng4 7. h3 N4f6 8. Ne2
Bf5 9. Nd2 Be4 10. f3 Bxf3 11. Nxf3 Ne4 12. Qd3 f5 13. Nd2 Ngf6 14. Bxe4 e6 15.
Bg2 c6 16. O-O-O a6 17. c4 O-O 18. cxd5 cxd5 19. Nc3 Nh5 20. Nf1 Qd6 21. g4 Ng3
22. Nxg3 Qxg3 23. Rhg1 f4 24. exf4 Qxf4+ 25. Qd2 Qg3 26. Ne2 Rac8+ 27. Kb1 Qh4
28. Rdf1 Rxf1+ 29. Rxf1 Rf8 30. Rxf8+ Bxf8 31. Qe3 Qe1+ 32. Kc2 Bb4 33. a3 Be7
34. Qxe6+ Kf8 35. Bxd5 Ke8 36. Bc3 Qf2 37. Ba5 Qf6 38. Qxf6 Bxf6 39. Bxb7 h5 40.
Bxa6 hxg4 41. hxg4 Ke7 42. Kd3 Ke6 43. Ke4 Be7 44. d5+ Kf6 45. Bc7 Kg5 46. d6
Bxd6 47. Bxd6 Kf6 48. Bc4 g5 49. b4 Kg6 50. b5 Kg7 51. b6 Kf6 52. b7 Kg6 53.
b8=Q Kh6 54. Kf5 Kh7 55. Be5 Kh6 56. Qh8# 1-0

[Event "AUTO-INT-1473"]
[Site "http://www.queenalice.com/game.php?id=663992"]
[Date "2009.10.7"]
[Round "1"]
[White "mestre_leonardo"]
[Black "imoric"]
[Result "0-1"]
[WhiteElo "1668"]
[BlackElo "1459"]

1. e4 d6 2. Nf3 g6 3. Bc4 Bg7 4. Ng5 e6 5. d3 h6 6. Nf3 Ne7 7. O-O Nd7 8. c3 b6
9. a4 a5 10. b4 Kf8 11. bxa5 Rxa5 12. Ba3 c5 13. Bb5 Bb7 14. Bxd7 Qxd7 15. Ra2
Qxa4 16. Qc1 Qb3 17. Ra1 h5 18. Nbd2 Qxc3 19. Qxc3 Bxc3 20. Ra2 g5 21. Rc1 Rxa3
22. Rxa3 Bb2 23. Rb1 Bxa3 24. Rxb6 Bc8 25. Rxd6 Kg7 26. Nxg5 c4 27. Nxc4 Bxd6
28. Nxd6 f6 29. Nf3 Rd8 0-1

[Event "AUTO-INT-1473"]
[Site "http://www.queenalice.com/game.php?id=663993"]
[Date "2009.10.7"]
[Round "1"]
[White "imoric"]
[Black "mestre_leonardo"]
[Result "0-1"]
[WhiteElo "1414"]
[BlackElo "1647"]

1. g3 e5 2. Bg2 Nf6 3. e3 Bc5 4. b3 O-O 5. Bb2 d6 6. Ne2 Bg4 7. d3 Bxe2 8. Qxe2
c6 9. Nd2 h6 10. O-O-O b5 11. d4 exd4 12. exd4 Bb6 13. c4 bxc4 14. Nxc4 Re8 15.
Qd3 Ng4 16. Rdf1 d5 17. Nxb6 axb6 18. h3 Nf6 19. g4 Rxa2 20. Kc2 Na6 21. Kc3 Qd6
22. Ra1 Qb4+ 23. Kc2 Rxa1 24. Rxa1 Nc7 25. Ra4 Qe1 26. Bf3 Qxf2+ 27. Kc3 Re3 0-1

[Event "AUTO-INT-1473"]
[Site "http://www.queenalice.com/game.php?id=664006"]
[Date "2009.10.7"]
[Round "1"]
[White "txukahamae"]
[Black "imoric"]
[Result "1-0"]
[WhiteElo "1488"]
[BlackElo "1497"]

1. d4 e6 2. c4 Ne7 3. Nc3 g6 4. Nf3 b6 5. Bg5 h6 6. Bxe7 Qxe7 7. e3 Bg7 8. Bd3
Bb7 9. O-O d6 10. Qc2 Nd7 11. Be4 O-O-O 12. Bxb7+ Kxb7 13. Rac1 f5 14. a4 a5 15.
Nd2 g5 16. Rb1 1-0

[Event "AUTO-INT-1473"]
[Site "http://www.queenalice.com/game.php?id=664007"]
[Date "2009.10.7"]
[Round "1"]
[White "imoric"]
[Black "txukahamae"]
[Result "1-0"]
[WhiteElo "1483"]
[BlackElo "1480"]

1. g3 d5 2. Bg2 Nf6 3. e3 e6 4. b3 c5 5. Bb2 Nbd7 6. Ne2 Bd6 7. O-O b6 8. d3 Bb7
9. Nd2 Qc7 10. Nf3 O-O 11. Qd2 Rac8 12. c4 dxc4 13. dxc4 Be5 14. Bxe5 1-0

[Event "AUTO-INT-1473"]
[Site "http://www.queenalice.com/game.php?id=664014"]
[Date "2009.10.7"]
[Round "1"]
[White "Michihall"]
[Black "imoric"]
[Result "0-1"]
[WhiteElo "1790"]
[BlackElo "1407"]

1. d4 e6 2. c4 Ne7 3. Nc3 b6 4. e4 Bb7 5. Nf3 g6 6. d5 Bg7 7. Bd2 d6 8. Be2 Nd7
9. O-O O-O 10. b4 a6 11. a4 exd5 12. cxd5 c6 13. dxc6 Nxc6 14. b5 axb5 15. axb5
Na5 16. Rb1 Qe7 17. Bd3 Bxc3 18. Bxc3 Rfc8 19. Bb4 Nc4 20. Re1 Ra2 21. Bxc4 Rxc4
22. Qxd6 Qxd6 23. Bxd6 Bxe4 24. Re3 Bxb1 0-1

[Event "AUTO-INT-1473"]
[Site "http://www.queenalice.com/game.php?id=664015"]
[Date "2009.10.7"]
[Round "1"]
[White "imoric"]
[Black "Michihall"]
[Result "0-1"]
[WhiteElo "1499"]
[BlackElo "1879"]

1. g3 e5 2. Bg2 d5 3. e3 Nf6 4. b3 Bc5 5. Bb2 Nc6 6. Ne2 O-O 7. d3 Bg4 8. h3 Bh5
9. g4 Bg6 10. g5 Nh5 11. h4 f6 12. gxf6 Rxf6 13. Nbc3 d4 14. Bxc6 Rxc6 15. Ne4
Bxe4 16. dxe4 Bb4+ 17. c3 dxc3 18. Qxd8+ Rxd8 19. Bc1 Nf6 20. f3 Rcd6 21. a3
Rd1+ 22. Kf2 Rxh1 23. axb4 a6 24. Nxc3 Rxh4 25. b5 axb5 26. Nxb5 c6 27. Nc7 Rh1
28. Ke2 Nd7 29. Ne6 Rc8 30. f4 Kf7 31. Ng5+ Kg8 32. Nf3 Nc5 33. Nd2 Rd8 34. b4
Rxd2+ 35. Bxd2 Rh2+ 36. Kf3 Nxe4 37. Kxe4 Rxd2 38. fxe5 Rb2 0-1

[Event "AUTO-INT-1514"]
[Site "http://www.queenalice.com/game.php?id=682148"]
[Date "2009.11.12"]
[Round "1"]
[White "Topera"]
[Black "imoric"]
[Result "1-0"]
[WhiteElo "1929"]
[BlackElo "1481"]

1. d4 e6 2. g3 Ne7 3. Bg2 g6 4. Nf3 Bg7 5. c4 b6 6. Nc3 Bb7 7. O-O d6 8. Bf4 Nd7
9. Re1 O-O 10. e4 Rc8 11. Qd2 c5 12. d5 1-0

[Event "AUTO-INT-1514"]
[Site "http://www.queenalice.com/game.php?id=682149"]
[Date "2009.11.12"]
[Round "1"]
[White "imoric"]
[Black "Topera"]
[Result "0-1"]
[WhiteElo "1481"]
[BlackElo "1929"]

1. g3 g6 2. e3 Bg7 3. Bg2 Nf6 4. Ne2 d5 5. d4 O-O 6. O-O Nc6 7. Nd2 Bf5 8. a3 e5
9. dxe5 Nxe5 10. b3 c5 11. Bb2 Qc7 0-1

[Event "AUTO-INT-1514"]
[Site "http://www.queenalice.com/game.php?id=682160"]
[Date "2009.11.12"]
[Round "1"]
[White "xadrezpetry"]
[Black "imoric"]
[Result "1-0"]
[WhiteElo "1527"]
[BlackElo "1466"]

1. e4 d6 2. g3 Nd7 3. d4 g6 4. Bc4 Bg7 5. c3 e6 6. d5 e5 7. Nh3 h6 8. O-O b6 9.
f4 Ne7 10. f5 gxf5 11. exf5 1-0

[Event "AUTO-INT-1514"]
[Site "http://www.queenalice.com/game.php?id=682161"]
[Date "2009.11.12"]
[Round "1"]
[White "imoric"]
[Black "xadrezpetry"]
[Result "0-1"]
[WhiteElo "1481"]
[BlackElo "1512"]

1. g3 d5 2. Bg2 e6 3. e3 b6 4. b3 f6 5. Bb2 Bb7 6. Ne2 e5 7. d3 e4 8. O-O h5 9.
Nf4 h4 10. Ng6 Rh5 11. Qxh5 exd3 0-1

[Event "AUTO-INT-1514"]
[Site "http://www.queenalice.com/game.php?id=682168"]
[Date "2009.11.12"]
[Round "1"]
[White "imoric"]
[Black "Drifter"]
[Result "1-0"]
[WhiteElo "1452"]
[BlackElo "1603"]

1. g3 e5 2. Bg2 d5 3. e3 Nc6 4. b3 e4 5. Bb2 f6 6. Ne2 Bd6 7. d3 Bf5 8. dxe4
dxe4 9. Qd5 Bb4+ 10. c3 Qxd5 11. cxb4 Rd8 12. O-O Nxb4 13. Nbc3 Qc5 14. Nd4 Bg6
15. Ne6 Qd6 16. Nxd8 Qxd8 17. Nxe4 Qe7 18. a3 Nd3 19. Bd4 Bxe4 20. f3 1-0

[Event "AUTO-INT-1514"]
[Site "http://www.queenalice.com/game.php?id=682169"]
[Date "2009.11.12"]
[Round "1"]
[White "Drifter"]
[Black "imoric"]
[Result "0-1"]
[WhiteElo "1581"]
[BlackElo "1474"]

1. e4 d6 2. d4 Nd7 3. Nc3 g6 4. Bd3 Bg7 5. Nf3 b6 6. O-O Bb7 7. Re1 e6 8. d5 Ne7
9. dxe6 fxe6 10. Ng5 Nc5 11. Bc4 Qd7 12. Be3 h6 13. Nf3 Nxe4 14. Nxe4 d5 15.
Ned2 dxc4 16. Nxc4 O-O-O 17. c3 a6 18. Bf4 Rhf8 19. g3 g5 0-1

[Event "AUTO-INT-1562"]
[Site "http://www.queenalice.com/game.php?id=704961"]
[Date "2009.12.29"]
[Round "1"]
[White "imoric"]
[Black "ajr"]
[Result "0-1"]
[WhiteElo "1525"]
[BlackElo "1691"]

1. g3 d5 2. Bg2 Nf6 3. e3 Nc6 4. b3 Bg4 5. Ne2 Bxe2 6. Qxe2 e6 7. Bb2 a6 8. d3
Bb4+ 9. Nd2 Bxd2+ 10. Qxd2 O-O 11. O-O-O Re8 12. h3 b5 13. f4 Nh5 14. Qc3 Ne7
15. g4 Ng3 0-1

[Event "AUTO-INT-1562"]
[Site "http://www.queenalice.com/game.php?id=704962"]
[Date "2009.12.29"]
[Round "1"]
[White "ajr"]
[Black "imoric"]
[Result "1-0"]
[WhiteElo "1700"]
[BlackElo "1516"]

1. d4 e6 2. a3 b6 3. Nf3 Bb7 4. e3 g6 5. Nc3 Bg7 6. Bb5 a6 7. Bd3 Ne7 8. e4 d6
9. O-O Nd7 10. Bf4 O-O 11. Re1 e5 12. dxe5 dxe5 13. Bg5 h6 14. Bxe7 Qxe7 15. Nd5
1-0

[Event "AUTO-INT-1562"]
[Site "http://www.queenalice.com/game.php?id=704963"]
[Date "2009.12.29"]
[Round "1"]
[White "imoric"]
[Black "boromir"]
[Result "0-1"]
[WhiteElo "1542"]
[BlackElo "1841"]

1. g3 e5 2. Bg2 d6 3. e3 g6 4. b3 Bg7 5. Bb2 Nf6 6. d3 Bg4 7. Ne2 Bh5 8. f3 Nd5
9. Qd2 Bh6 10. f4 c6 0-1

[Event "AUTO-INT-1562"]
[Site "http://www.queenalice.com/game.php?id=704964"]
[Date "2009.12.29"]
[Round "1"]
[White "boromir"]
[Black "imoric"]
[Result "1-0"]
[WhiteElo "1856"]
[BlackElo "1542"]

1. e4 d6 2. d3 g6 3. Nc3 Bg7 4. Bd2 b6 5. g3 Bb7 6. Bg2 e6 7. Nh3 h6 8. O-O Nd7
9. Rb1 Ne7 10. Nb5 a6 11. Bc3 Bxc3 12. Nxc3 Nc6 13. Ne2 1-0